000 nam a22 a 4500
999 _c2902
_d2902
003 AKMAL
005 20170518151341.0
008 170518s1994 my 00 eng d
020 _a9679785017 (pbk.) :
_cRM 19.90
040 _aAKMAL
_cAKMAL
082 0 4 _a651.3741 ALL
090 0 0 _a651.3741
_bALL
100 1 _aAllcock, Debra
_95767
245 1 0 _aWorking with a secretary :
_ba manager's guide /
_cDebra Allcock
260 _aPetaling Jaya :
_bPelanduk Publications,
_c1994
300 _a84p. :
_bill. ;
_c22cm.
650 _aSecretaries
_96092
650 _aOffice management
_95910
650 _aOffice practice
_95898
942 _2ddc
_cBOOK